[Event "Mittelrhein Verbandsliga Nord 1920"]
[Site "Mittelrhein"]
[Date "2020.02.16"]
[Round "6.6"]
[White "Multhauf, Stefan"]
[Black "Kessler, Ulrich"]
[Result "1/2-1/2"]
[WhiteElo "1681"]
[BlackElo "1834"]
[PlyCount "157"]
[EventDate "2019.09.29"]
[EventType "team-tourn"]
[EventRounds "9"]
[EventCountry "GER"]
[SourceTitle "EXT 2023"]
[Source "ChessBase"]
[SourceDate "2022.10.05"]
[SourceVersion "1"]
[SourceVersionDate "2022.10.05"]
[SourceQuality "1"]
[WhiteTeam "Leverkusen Koenigsspringer"]
[BlackTeam "Troisdorf"]
[WhiteTeamCountry "GER"]
[BlackTeamCountry "GER"]

1. d4 f5 2. Bf4 Nf6 3. e3 b6 4. Be2 Bb7 5. Bf3 Qc8 6. Bxb7 Qxb7 7. Qf3 Qxf3 8. Nxf3 Nc6 9. Nc3 Nb4 10. 0-0-0 Nbd5 11. Nxd5 Nxd5 12. Bg3 g6 13. h4 Bh6 14. Ng5 Bg7 15. Nf3 Nf6 16. Be5 d6 17. Bxf6 Bxf6 18. Ng5 h6 19. Ne6 Kd7 20. Nf4 Rhg8 21. g3 e5 22. dxe5 Bxe5 23. Nd3 Bf6 24. Nf4 Rae8 25. h5 g5 26. Ng6 Re4 27. Rhe1 Rge8 28. c3 Bg7 29. Rd3 f4 30. gxf4 gxf4 31. f3 Rxe3 32. Rdxe3 fxe3 33. Kc2 d5 34. Kd3 c5 35. Rxe3 Rxe3+ 36. Kxe3 d4+ 37. Kd3 Ke6 38. cxd4 Bxd4 39. b3 Kf6 40. Ke4 Kg5 41. Ne7 Kxh5 42. Kf4 a6 43. a4 b5 44. axb5 axb5 45. Nf5 Bg1 46. Kg3 c4 47. bxc4 bxc4 48. Kf4 c3 49. Ng3+ Kg6 50. Ne2 c2 51. Ke4 Bf2 52. Kd3 Kf5 53. Kxc2 h5 54. Nc3 Kf4 55. Kd1 Kxf3 56. Nb1 h4 57. Nd2+ Kg2 58. Ke2 h3 59. Nf3 Kg3 60. Nd2 Kg2 61. Nf3 Bb6 62. Nh4+ Kg3 63. Nf3 Ba7 64. Nd2 Kg2 65. Nf3 Bf2 66. Nh2 Bh4 67. Nf3 Bg5 68. Ne1+ Kg3 69. Nf3 Bf4 70. Kf1 Be3 71. Ke2 Kf4 72. Nh2 Bg1 73. Nf3 Bc5 74. Nh2 Bg1 75. Nf3 Kg3 76. Nd2 Kg2 77. Nf3 Bf2 78. Nh2 Bg3 79. Nf3 1/2-1/2

[Event "Mittelrhein Verbandsliga-S 18/19"]
[Site "Nordrheinwestfalen"]
[Date "2019.05.05"]
[Round "10.7"]
[White "Kloke, Stephan"]
[Black "Kessler, Ulrich"]
[Result "1-0"]
[WhiteElo "2002"]
[BlackElo "1837"]
[PlyCount "41"]
[EventDate "2018.09.02"]
[EventType "team-tourn"]
[EventRounds "11"]
[EventCountry "GER"]
[SourceTitle "EXT 2022"]
[Source "ChessBase"]
[SourceDate "2021.10.06"]
[SourceVersion "1"]
[SourceVersionDate "2021.10.06"]
[SourceQuality "1"]
[WhiteTeam "Porz SG IV"]
[BlackTeam "Troisdorf"]
[WhiteTeamCountry "GER"]
[BlackTeamCountry "GER"]

1. e4 e6 2. d4 d5 3. Nc3 Bb4 4. Bd2 Ne7 5. a3 Bxc3 6. Bxc3 dxe4 7. Qg4 0-0 8. Qxe4 Qd5 9. Qf4 Bd7 10. Nf3 Bc6 11. Bd3 Nd7 12. Bb4 Rfe8 13. Bxh7+ Kxh7 14. Ng5+ Kg6 15. Qxf7+ Kxg5 16. Qxg7+ Kf5 17. g4+ Ke4 18. f3+ Kf4 19. Bd2+ Kxf3 20. 0-0+ Ke2 21. Rf2# 1-0

[Event "Mittelrhein Verbandsliga-O 16/17"]
[Site "Nordrheinwestfalen"]
[Date "2017.01.29"]
[Round "7"]
[White "Hack, Thomas1"]
[Black "Kessler, Ulrich"]
[Result "1/2-1/2"]
[WhiteElo "1961"]
[BlackElo "1942"]
[PlyCount "83"]
[EventDate "2016.09.11"]
[EventType "team-tourn"]
[EventRounds "11"]
[EventCountry "GER"]
[SourceTitle "EXT 2022"]
[Source "ChessBase"]
[SourceDate "2021.10.06"]
[SourceVersion "1"]
[SourceVersionDate "2021.10.06"]
[SourceQuality "1"]
[WhiteTeam "Euskirchen Turm"]
[BlackTeam "Troisdorf"]
[WhiteTeamCountry "GER"]
[BlackTeamCountry "GER"]

1. d4 Nf6 2. Nf3 g6 3. Bg5 Bg7 4. Nbd2 d5 5. e3 Bf5 6. c4 c6 7. Qb3 Qb6 8. Qxb6 axb6 9. cxd5 cxd5 10. a3 Nc6 11. Rc1 0-0 12. Bb5 Rfc8 13. 0-0 Na7 14. Be2 Rxc1 15. Rxc1 Rc8 16. Rxc8+ Nxc8 17. Bf4 Ne8 18. Ne5 f6 19. Nd3 e5 20. Bg3 exd4 21. exd4 Bxd3 22. Bxd3 Bh6 23. f4 Kf7 24. Kf2 Ncd6 25. Kf3 f5 26. Bh4 Ne4 27. Nb1 Bg7 28. Ke3 Bf6 29. Bxf6 N8xf6 30. h3 Ke6 31. a4 Nd6 32. Nd2 Nfe4 33. Nf3 Nc4+ 34. Bxc4 dxc4 35. Ng5+ Nxg5 36. fxg5 Kd5 37. g3 Kd6 38. Kd2 Kc6 39. Kc2 b5 40. axb5+ Kb6 41. Kd2 Ka5 42. Kc2 1/2-1/2

[Event "Mittelrhein Verbandsliga-O 15/16"]
[Site "Nordrheinwestfalen"]
[Date "2016.03.13"]
[Round "9"]
[White "Vossen, Klaus"]
[Black "Kessler, Ulrich"]
[Result "0-1"]
[WhiteElo "1867"]
[BlackElo "1881"]
[PlyCount "108"]
[EventDate "2015.09.06"]
[EventType "team-tourn"]
[EventRounds "11"]
[EventCountry "GER"]
[SourceTitle "EXT 2022"]
[Source "ChessBase"]
[SourceDate "2021.10.06"]
[SourceVersion "1"]
[SourceVersionDate "2021.10.06"]
[SourceQuality "1"]
[WhiteTeam "Hennef"]
[BlackTeam "Troisdorf"]
[WhiteTeamCountry "GER"]
[BlackTeamCountry "GER"]

1. d4 Nf6 2. Nf3 g6 3. c4 Bg7 4. Nc3 d5 5. Bg5 Ne4 6. cxd5 Nxg5 7. Nxg5 e6 8. Qd2 exd5 9. Qe3+ Kf8 10. Qf4 Bf6 11. h4 c6 12. e3 Kg7 13. Bd3 h6 14. Nf3 Be6 15. 0-0-0 Nd7 16. g4 Qb8 17. g5 Qxf4 18. exf4 Be7 19. Rdg1 Bd6 20. Ne5 hxg5 21. hxg5 a6 22. Ne2 Rac8 23. Kd2 c5 24. Rxh8 Rxh8 25. Rc1 c4 26. Bb1 Rh2 27. Ke3 Be7 28. Rg1 Rh3+ 29. f3 Rh2 30. Ng4 Bxg4 31. Rxg4 Bb4 32. Rg1 Nf8 33. f5 b5 34. Bc2 gxf5 35. Bxf5 Ne6 36. Bb1 Bd6 37. g6 f6 38. Rg4 b4 39. Bf5 Nf8 40. Bc8 a5 41. Bb7 Rh5 42. Bc6 Nxg6 43. Be8 Rg5 44. Rxg5 fxg5 45. Bc6 Bf4+ 46. Kf2 Ne7 47. Ba4 Nf5 48. Bc6 Ne3 49. Ke1 Kf6 50. Ba4 Nf5 51. Bc2 Be3 52. Bxf5 Kxf5 53. Kd1 g4 54. fxg4+ Kxg4 0-1

[Event "Mittelrhein Verbandsliga-O 15/16"]
[Site "Nordrheinwestfalen"]
[Date "2015.12.13"]
[Round "5"]
[White "Gassmann, Peter"]
[Black "Kessler, Ulrich"]
[Result "1/2-1/2"]
[WhiteElo "1924"]
[BlackElo "1881"]
[PlyCount "106"]
[EventDate "2015.09.06"]
[EventType "team-tourn"]
[EventRounds "11"]
[EventCountry "GER"]
[SourceTitle "EXT 2022"]
[Source "ChessBase"]
[SourceDate "2021.10.06"]
[SourceVersion "1"]
[SourceVersionDate "2021.10.06"]
[SourceQuality "1"]
[WhiteTeam "Siegburg"]
[BlackTeam "Troisdorf"]
[WhiteTeamCountry "GER"]
[BlackTeamCountry "GER"]

1. e4 e6 2. e5 c5 3. b3 Nc6 4. Bb2 Nge7 5. Nf3 Ng6 6. Bb5 Qc7 7. Bxc6 Qxc6 8. 0-0 b6 9. d3 Bb7 10. Nbd2 Be7 11. Ne4 0-0 12. Qd2 f5 13. exf6 gxf6 14. Qh6 Rf7 15. Rad1 Bf8 16. Qh5 Bg7 17. Ne1 f5 18. Bxg7 Rxg7 19. Ng3 Nf4 20. Qf3 Qxf3 21. Nxf3 Ne2+ 22. Kh1 Bxf3 23. gxf3 Nd4 24. c3 Nxf3 25. Kg2 Ne5 26. f4 Ng4 27. Rde1 Kf7 28. h3 Nf6 29. Kf3 Rag8 30. Ne2 Nd5 31. Rf2 Rg6 32. Rh1 Nf6 33. Rd1 Rh6 34. Rh2 e5 35. fxe5 Ng4 36. Rhh1 Nxe5+ 37. Kf2 Rhg6 38. d4 Rg2+ 39. Kf1 cxd4 40. Rxd4 Ke7 41. Rd5 d6 42. a4 Nf3 43. a5 Kd7 44. axb6 axb6 45. Rxf5 Nd2+ 46. Ke1 Nxb3 47. Rhf1 Re8 48. R1f2 Rg7 49. Kd1 Nc5 50. Rf7+ Re7 51. Rxg7 Rxg7 52. Rf4 Ne6 53. Rh4 Kc6 1/2-1/2

[Event "Mittelrhein Verbandsliga Ost 1415"]
[Site "Mittelrhein"]
[Date "2014.10.19"]
[Round "3.2"]
[White "Koenig, Christian"]
[Black "Kessler, Ulrich"]
[Result "1-0"]
[WhiteElo "2033"]
[BlackElo "1917"]
[PlyCount "39"]
[EventDate "2014.09.07"]
[EventType "team-tourn"]
[EventRounds "11"]
[EventCountry "GER"]
[SourceTitle "EXT 2023"]
[Source "ChessBase"]
[SourceDate "2022.10.05"]
[SourceVersion "1"]
[SourceVersionDate "2022.10.05"]
[SourceQuality "1"]
[WhiteTeam "Lohmar"]
[BlackTeam "Troisdorf"]
[WhiteTeamCountry "GER"]
[BlackTeamCountry "GER"]

1. e4 d5 2. exd5 Qxd5 3. Nf3 Bg4 4. Be2 Nc6 5. d4 0-0-0 6. c4 Qf5 7. Be3 Bxf3 8. Bxf3 Nxd4 9. Bxd4 Qe6+ 10. Be2 c5 11. Nd2 Rxd4 12. Qc2 Rd8 13. Nb3 Qe5 14. 0-0 e6 15. Bf3 Qc7 16. Qc3 b6 17. Rad1 Bd6 18. Qxg7 Bxh2+ 19. Kh1 Rxd1 20. Rxd1 1-0

[Event "Mittelrhein Verbandsliga Ost 1415"]
[Site "Mittelrhein"]
[Date "2014.09.28"]
[Round "2.5"]
[White "Anderton, Philip"]
[Black "Kessler, Ulrich"]
[Result "1-0"]
[WhiteElo "1927"]
[BlackElo "1917"]
[PlyCount "63"]
[EventDate "2014.09.07"]
[EventType "team-tourn"]
[EventRounds "11"]
[EventCountry "GER"]
[SourceTitle "EXT 2023"]
[Source "ChessBase"]
[SourceDate "2022.10.05"]
[SourceVersion "1"]
[SourceVersionDate "2022.10.05"]
[SourceQuality "1"]
[WhiteTeam "Siebengebirge"]
[BlackTeam "Troisdorf"]
[WhiteTeamCountry "GER"]
[BlackTeamCountry "GER"]

1. Nf3 Nf6 2. c4 g6 3. Nc3 c5 4. g3 Bg7 5. Bg2 0-0 6. 0-0 Nc6 7. d4 cxd4 8. Nxd4 Qb6 9. Nc2 d6 10. Rb1 Be6 11. Ne3 Rac8 12. Ned5 Bxd5 13. cxd5 Na5 14. Be3 Qa6 15. Bd4 Nd7 16. Bxg7 Kxg7 17. Bh3 Rfd8 18. Qd4+ f6 19. Qe3 Ne5 20. Bxc8 Rxc8 21. Rfd1 b5 22. b3 b4 23. Na4 Qb7 24. Rbc1 Rxc1 25. Qxc1 Qd7 26. Kg2 Qb5 27. Rd2 Nac4 28. Rd4 Na3 29. Qd2 a5 30. f4 Ng4 31. Qd3 Nc4 32. Rxc4 1-0

[Event "Troisdorf op"]
[Site "Troisdorf"]
[Date "2013.12.03"]
[Round "7"]
[White "Kessler, Ulrich"]
[Black "Sejdini, Valentin"]
[Result "0-1"]
[WhiteElo "1928"]
[BlackElo "1836"]
[PlyCount "86"]
[EventDate "2013.10.22"]
[EventType "swiss"]
[EventRounds "7"]
[EventCountry "GER"]
[SourceTitle "EXT 2016"]
[Source "ChessBase"]
[SourceDate "2015.10.08"]
[SourceVersion "1"]
[SourceVersionDate "2015.10.08"]
[SourceQuality "1"]

1. Nf3 Nf6 2. g3 g6 3. Bg2 Bg7 4. 0-0 0-0 5. c4 c6 6. Nc3 d5 7. d4 Nbd7 8. cxd5 cxd5 9. Qb3 Nb6 10. Bf4 Bf5 11. Rac1 Nh5 12. Be3 e6 13. h3 Nf6 14. Nd2 h5 15. Bg5 Qd7 16. Be3 Rfc8 17. a4 Nc4 18. Nxc4 Rxc4 19. Nb5 a6 20. Nc3 Rac8 21. f3 Kh7 22. Rcd1 R8c6 23. g4 hxg4 24. hxg4 Bxg4 25. fxg4 Nxg4 26. Bf2 Qc7 27. Rfe1 Qh2+ 28. Kf1 Qf4 29. Bf3 Nxf2 30. Kxf2 Qh4+ 31. Kg2 Qg5+ 32. Kf2 Bxd4+ 33. Rxd4 Rxd4 34. Rg1 Qh4+ 35. Kg2 Qe7 36. Rh1+ Kg7 37. Nd1 Rcc4 38. Qe3 Rh4 39. Qe5+ Qf6 40. Qg3 Rxh1 41. Kxh1 Rc1 42. Qg1 Qh4+ 43. Kg2 Qg5+ 0-1

[Event "Mittelrhein Verbandsliga Ost 1314"]
[Site "Mittelrhein"]
[Date "2013.09.15"]
[Round "1.6"]
[White "Kessler, Ulrich"]
[Black "Raabe, Joachim"]
[Result "1-0"]
[WhiteElo "1928"]
[BlackElo "1834"]
[PlyCount "99"]
[EventDate "2013.09.15"]
[EventType "team-tourn"]
[EventRounds "11"]
[EventCountry "GER"]
[SourceTitle "EXT 2023"]
[Source "ChessBase"]
[SourceDate "2022.10.05"]
[SourceVersion "1"]
[SourceVersionDate "2022.10.05"]
[SourceQuality "1"]
[WhiteTeam "Troisdorf"]
[BlackTeam "Bruehl II"]
[WhiteTeamCountry "GER"]
[BlackTeamCountry "GER"]

1. e4 c5 2. Nc3 a6 3. Nf3 b5 4. d3 Bb7 5. Be3 d6 6. Be2 Nf6 7. 0-0 Nbd7 8. Nd2 g6 9. f4 Bg7 10. g4 b4 11. Na4 Bc6 12. c3 Qa5 13. b3 Bxa4 14. Nc4 Qc7 15. bxa4 bxc3 16. g5 Ng8 17. Rc1 Bd4 18. Qe1 Nb6 19. Bxd4 cxd4 20. Qf2 Nxc4 21. Qxd4 Qb6 22. Qf2 Qxf2+ 23. Kxf2 Nb6 24. a5 Na4 25. Bd1 Nc5 26. Rxc3 h6 27. Kg2 hxg5 28. fxg5 Rb8 29. Rf2 e5 30. Bb3 Rh7 31. Rfc2 Rh5 32. h4 Rxh4 33. Kg3 Rh5 34. Kg4 Ke7 35. Rf2 Rh7 36. Bc4 Rb4 37. Rcc2 Ra4 38. Rb2 Rxa5 39. Rb8 f5+ 40. exf5 gxf5+ 41. Rxf5 Ra4 42. Kg3 Rxc4 43. dxc4 Ke6 44. Kg4 Rg7 45. Rff8 Nh6+ 46. Kh5 Nf5 47. Rf6+ Ke7 48. Rxf5 Rh7+ 49. Kg6 Rh2 50. Rf7+ 1-0

[Event "Verbandsliga Mittelrhein-Ost 1213"]
[Site "Germany"]
[Date "2013.01.13"]
[Round "6.4"]
[White "Kessler, Ulrich"]
[Black "Herzwurm, Robert"]
[Result "1/2-1/2"]
[WhiteElo "1911"]
[BlackElo "2017"]
[PlyCount "81"]
[EventDate "2012.09.09"]
[EventType "team"]
[EventRounds "11"]
[EventCountry "GER"]
[SourceTitle "EXT 2015"]
[Source "ChessBase"]
[SourceDate "2014.11.20"]
[SourceVersion "1"]
[SourceVersionDate "2014.11.20"]
[SourceQuality "1"]
[WhiteTeam "Troisdorf"]
[BlackTeam "Euskirchen Turm"]
[WhiteTeamCountry "GER"]
[BlackTeamCountry "GER"]

1. Nf3 Nf6 2. g3 g6 3. Bg2 Bg7 4. 0-0 0-0 5. c4 d6 6. Nc3 c5 7. d3 Nc6 8. Bd2 Rb8 9. Rb1 a6 10. Ne1 Bd7 11. a4 Qc8 12. Nc2 Bh3 13. b4 Bxg2 14. Kxg2 cxb4 15. Nxb4 Nxb4 16. Rxb4 Qc5 17. Qb3 e6 18. f3 Qc6 19. Rb1 Nd7 20. Bf4 f5 21. Be3 Nc5 22. Bxc5 Qxc5 23. Nd1 Rf7 24. e3 e5 25. Rb6 f4 26. Qb4 Qxb4 27. R6xb4 fxg3 28. hxg3 g5 29. Nc3 Rbf8 30. Ne4 Rxf3 31. Rxb7 Rxe3 32. Nxg5 e4 33. Ne6 Rf7 34. Nxg7 Kxg7 35. Rxf7+ Kxf7 36. dxe4 Rxe4 37. Rb7+ Ke6 38. Rc7 Re2+ 39. Kf3 Ra2 40. Rxh7 Rxa4 41. Rc7 1/2-1/2

[Event "Verbandsliga Mittelrhein-Ost 1213"]
[Site "Germany"]
[Date "2012.11.11"]
[Round "4.4"]
[White "Thiemonds, Uli"]
[Black "Kessler, Ulrich"]
[Result "1-0"]
[WhiteElo "2058"]
[BlackElo "1911"]
[PlyCount "53"]
[EventDate "2012.09.09"]
[EventType "team"]
[EventRounds "11"]
[EventCountry "GER"]
[SourceTitle "EXT 2015"]
[Source "ChessBase"]
[SourceDate "2014.11.20"]
[SourceVersion "1"]
[SourceVersionDate "2014.11.20"]
[SourceQuality "1"]
[WhiteTeam "Koeln Porz III"]
[BlackTeam "Troisdorf"]
[WhiteTeamCountry "GER"]
[BlackTeamCountry "GER"]

1. e4 e6 2. d4 d5 3. Nd2 Nf6 4. e5 Nfd7 5. c3 c5 6. Bd3 Nc6 7. Ne2 Qb6 8. Nf3 f6 9. Nf4 fxe5 10. dxe5 Ncxe5 11. Nxe5 Nxe5 12. Qh5+ Nf7 13. Bxh7 e5 14. Nxd5 Qc6 15. c4 Be6 16. Qg6 0-0-0 17. Qc2 Nd6 18. Be4 Nxe4 19. Qxe4 Bxd5 20. cxd5 Rxd5 21. 0-0 Kb8 22. Bg5 Qe6 23. f4 Rd4 24. Qxe5+ Qxe5 25. fxe5 Kc8 26. Rf7 Re4 27. Raf1 1-0

[Event "Verbandsliga Mittelrhein-Ost 1213"]
[Site "Germany"]
[Date "2012.09.09"]
[Round "1.4"]
[White "Kessler, Ulrich"]
[Black "Axmann, Michael"]
[Result "1-0"]
[WhiteElo "1911"]
[BlackElo "1727"]
[PlyCount "73"]
[EventDate "2012.09.09"]
[EventType "team"]
[EventRounds "11"]
[EventCountry "GER"]
[SourceTitle "EXT 2015"]
[Source "ChessBase"]
[SourceDate "2014.11.20"]
[SourceVersion "1"]
[SourceVersionDate "2014.11.20"]
[SourceQuality "1"]
[WhiteTeam "Troisdorf"]
[BlackTeam "Bayer Leverkusen II"]
[WhiteTeamCountry "GER"]
[BlackTeamCountry "GER"]

1. Nf3 Nf6 2. g3 d5 3. Bg2 g6 4. b3 Bg7 5. Bb2 0-0 6. 0-0 Re8 7. d3 Nc6 8. c4 e6 9. Nbd2 Bd7 10. Rb1 Rc8 11. b4 Ne7 12. Ne5 c6 13. Ndf3 h6 14. Qd2 Rf8 15. Rfd1 Qc7 16. Rdc1 Rfd8 17. a4 Be8 18. b5 dxc4 19. Nxc4 Nh5 20. bxc6 bxc6 21. Bxg7 Kxg7 22. Qb2+ Nf6 23. Qb7 Nfd5 24. Qb2+ Nf6 25. Nfe5 Rb8 26. Qa1 c5 27. Ng4 Neg8 28. a5 h5 29. Nge5 Bb5 30. a6 Ne7 31. Bb7 Be8 32. g4 hxg4 33. Nxg4 Neg8 34. Nce5 Rd6 35. Nxf6 Nxf6 36. Ng4 Qd8 37. Qe5 1-0

[Event "Troisdorf op"]
[Site "Troisdorf"]
[Date "2008.11.24"]
[Round "7"]
[White "Kessler, Ulrich"]
[Black "Dieterle, Robert"]
[Result "1-0"]
[WhiteElo "1909"]
[BlackElo "1808"]
[PlyCount "65"]
[EventDate "2008.10.14"]
[EventType "swiss"]
[EventRounds "7"]
[EventCountry "GER"]
[SourceTitle "EXT 2011"]
[Source "ChessBase"]
[SourceDate "2010.11.26"]
[SourceVersion "1"]
[SourceVersionDate "2010.11.26"]
[SourceQuality "1"]

1. e4 d6 2. d4 Nf6 3. Nc3 g6 4. Bg5 Bg7 5. f4 c5 6. dxc5 Qa5 7. Qd2 Qxc5 8. h3 Qb4 9. Bd3 0-0 10. Nge2 Nbd7 11. 0-0 d5 12. e5 d4 13. Ne4 Qxd2 14. Nxd2 Nd5 15. Nxd4 Nc5 16. Be2 h6 17. Bh4 Rd8 18. c3 Nxf4 19. Rxf4 g5 20. Raf1 gxf4 21. Bxe7 Rd5 22. Bf3 Rxe5 23. Bd6 Nd3 24. Bxe5 Bxe5 25. Nc4 f6 26. Rd1 Bxd4+ 27. cxd4 Nb4 28. a3 Nc6 29. Nd6 Ne7 30. Rc1 Be6 31. Nxb7 Rb8 32. Re1 Rxb7 33. Bxb7 1-0

[Event "Troisdorf op"]
[Site "Troisdorf"]
[Date "2008.10.28"]
[Round "3"]
[White "Froitzheim, Ralf"]
[Black "Kessler, Ulrich"]
[Result "1/2-1/2"]
[WhiteElo "1870"]
[BlackElo "1909"]
[PlyCount "72"]
[EventDate "2008.10.14"]
[EventType "swiss"]
[EventRounds "7"]
[EventCountry "GER"]
[SourceTitle "EXT 2011"]
[Source "ChessBase"]
[SourceDate "2010.11.26"]
[SourceVersion "1"]
[SourceVersionDate "2010.11.26"]
[SourceQuality "1"]

1. c4 f5 2. Nc3 Nf6 3. g3 g6 4. Bg2 Bg7 5. Rb1 a5 6. a3 c6 7. b4 axb4 8. axb4 0-0 9. Qb3 d6 10. Nf3 e5 11. d3 h6 12. 0-0 Kh7 13. Nd2 Na6 14. Qc2 Bd7 15. Na4 Qc7 16. Qb3 d5 17. Ba3 b5 18. cxb5 cxb5 19. Nc5 Nxc5 20. bxc5 Qa5 21. Bb4 Qa2 22. Rb2 Qxb3 23. Nxb3 Rfc8 24. Na5 e4 25. Rc2 Bc6 26. Rb1 Nd7 27. dxe4 dxe4 28. Rd1 Ne5 29. Rd6 Rd8 30. Rcd2 Rxd6 31. cxd6 Nc4 32. Nxc6 Nxd2 33. Bxd2 Bf6 34. d7 Ra1+ 35. Bf1 Rd1 36. Bb4 Rxd7 1/2-1/2

[Event "Troisdorf op"]
[Site "Troisdorf"]
[Date "2007.11.09"]
[Round "4"]
[White "Schwarz, Andreas"]
[Black "Kessler, Ulrich"]
[Result "1-0"]
[WhiteElo "1954"]
[BlackElo "1899"]
[PlyCount "69"]
[EventDate "2007.10.16"]
[EventType "swiss"]
[EventRounds "5"]
[EventCountry "GER"]
[SourceTitle "EXT 2011"]
[Source "ChessBase"]
[SourceDate "2010.11.26"]
[SourceVersion "1"]
[SourceVersionDate "2010.11.26"]
[SourceQuality "1"]

1. e4 c5 2. Nf3 d6 3. d4 cxd4 4. Nxd4 Nf6 5. Nc3 g6 6. Be3 Bg7 7. Qd2 0-0 8. f3 Nc6 9. 0-0-0 a6 10. g4 Qa5 11. Kb1 Nxd4 12. Bxd4 Be6 13. Nd5 Qd8 14. Nxf6+ exf6 15. h4 Rc8 16. g5 d5 17. gxf6 Bxf6 18. e5 Bg7 19. Bd3 f6 20. Rde1 fxe5 21. Bxe5 Bf5 22. Bxg7 Kxg7 23. h5 Bxd3 24. Qxd3 Rc4 25. hxg6 hxg6 26. Re6 Qg5 27. Rd6 Qf5 28. Qd2 Qf4 29. Qxd5 Rc7 30. Rd7+ Rxd7 31. Qxd7+ Qf7 32. Qh3 Qxf3 33. Qh6+ Kf7 34. Re1 Qh5 35. Rf1+ 1-0

[Event "Leverkusen-ch"]
[Site "Leverkusen"]
[Date "2004.06.01"]
[Round "2"]
[White "Raupach, Gregor"]
[Black "Kessler, Ulrich"]
[Result "1-0"]
[WhiteElo "1970"]
[BlackElo "1913"]
[PlyCount "107"]
[EventDate "2004.05.31"]
[EventType "swiss"]
[EventRounds "7"]
[EventCountry "GER"]
[SourceTitle "CBM 100 Extra"]
[Source "ChessBase"]
[SourceDate "2004.07.06"]
[SourceVersion "2"]
[SourceVersionDate "2004.07.06"]
[SourceQuality "1"]

1. d4 f5 2. Nc3 Nf6 3. g3 g6 4. Bg2 Bg7 5. e4 fxe4 6. Nxe4 Nxe4 7. Bxe4 d5 8. Bd3 Nc6 9. c3 e5 10. Be3 exd4 11. cxd4 Qe7 12. Ne2 Bg4 13. 0-0 0-0 14. Qb3 Nb4 15. Nf4 Bf3 16. Rfe1 Nxd3 17. Qxd3 Qd7 18. Bd2 Be4 19. Qb3 Kh8 20. f3 Bf5 21. g4 Bxg4 22. fxg4 Qxg4+ 23. Qg3 Qxg3+ 24. hxg3 Bxd4+ 25. Be3 Bxb2 26. Rab1 Bc3 27. Red1 d4 28. Bxd4+ Bxd4+ 29. Rxd4 c5 30. Rd7 b6 31. Kg2 Rfd8 32. Rbd1 Rxd7 33. Rxd7 a6 34. Nd5 Kg8 35. Nf6+ Kf8 36. Rxh7 Rd8 37. Rh8+ Ke7 38. Rxd8 Kxd8 39. Kf3 b5 40. Ke4 Ke7 41. Nd5+ Kd6 42. g4 a5 43. g5 b4 44. Nb6 Kc6 45. Nc4 a4 46. Kd3 a3 47. Kc2 Kd5 48. Kb3 Kd4 49. Na5 Kd5 50. Ka4 Kd4 51. Kb5 Kd5 52. Nb3 c4 53. Kxb4 cxb3 54. Kxb3 1-0

[Event "Leverkusen-ch"]
[Site "Leverkusen"]
[Date "2004.05.31"]
[Round "1"]
[White "Lotzien, Hans"]
[Black "Kessler, Ulrich"]
[Result "1-0"]
[WhiteElo "2065"]
[BlackElo "1913"]
[PlyCount "105"]
[EventDate "2004.05.31"]
[EventType "swiss"]
[EventRounds "7"]
[EventCountry "GER"]
[SourceTitle "CBM 100 Extra"]
[Source "ChessBase"]
[SourceDate "2004.07.06"]
[SourceVersion "2"]
[SourceVersionDate "2004.07.06"]
[SourceQuality "1"]

1. e4 d5 2. exd5 Qxd5 3. Nc3 Qa5 4. Bc4 c6 5. Nge2 Bf5 6. 0-0 e6 7. d3 Nd7 8. Bd2 Ngf6 9. a3 Qc7 10. Nd4 Bg4 11. Qe1 Bc5 12. Nb3 Bd6 13. h3 Bf5 14. Nd4 0-0 15. Kh1 Bg6 16. Nf3 Ne5 17. Nxe5 Bxe5 18. Qe2 Nd5 19. Rae1 Bf4 20. Nd1 Bd6 21. g3 b5 22. Bb3 a5 23. Ne3 b4 24. a4 Bc5 25. Nc4 Bd4 26. Qg4 Bf6 27. Qe2 Rfd8 28. Bc1 Bf5 29. Kg2 Bd4 30. Be3 Bf6 31. Bc5 Be7 32. Bxe7 Qxe7 33. Qf3 Qc7 34. Re5 Bg6 35. Rfe1 Rd7 36. h4 h6 37. R5e2 Rdd8 38. Ne5 Bf5 39. Kg1 Rf8 40. Nc4 Nf6 41. Re5 Nd5 42. g4 Bg6 43. Qg3 Kh8 44. Kf1 Rfd8 45. g5 Bf5 46. Rxd5 Bh3+ 47. Ke2 exd5 48. Qxc7 dxc4 49. Bxc4 Re8+ 50. Kd2 Rxe1 51. Kxe1 Re8+ 52. Kd2 Bg4 53. d4 1-0